| 000 | 00626cab a2200229 4500 | ||
|---|---|---|---|
| 001 | ABS50254 | ||
| 008 | 090401t1994 xxu||||| |||| 00| 0 eng d | ||
| 035 | _a(Sirsi) u74877 | ||
| 041 | _aeng | ||
| 245 | _aSetting a standard for car parks | ||
| 260 | _c1994 | ||
| 350 | _a0 | ||
| 490 |
_aArchitects` Journal _v199(11) 16 March 1994, 35-44(10) |
||
| 520 | _aSt Mary`s Car Park, Sunderland. | ||
| 650 | _aBUILT ENVIRONMENT-BUILDING COSTS | ||
| 650 | _aCAR PARKS | ||
| 650 | _aCOST ANALYSIS | ||
| 650 | _aMULTI-STOREY CAR PARKS | ||
| 690 | _aBUILDING AND CONSTRUCTION-PROJECTS | ||
| 942 | _n0 | ||
| 948 | _c04/03/1997 | ||
| 999 |
_c47174 _d47174 |
||